[Event "4NCL/Div1c/ADS vs. GUI1"]
[Site "Sunningdale ENG"]
[Date "2010.05.02"]
[Round "10.8"]
[White "Osborne, Marcus E"]
[Black "Bellin, Christopher J"]
[Result "1-0"]
[WhiteElo "2239"]
[BlackElo "1922"]
[PlyCount "61"]
[EventDate "2010.05.02"]
[SourceDate "2009.10.24"]

1. d4 d5 2. Nf3 Nf6 3. c4 c6 4. e3 a6 5. Bd3 Bg4 6. O-O Nbd7 7. Nbd2 e5 8. cxd5
cxd5 9. e4 Bd6 10. exd5 Nxd5 11. dxe5 Nxe5 12. Qe1 Qe7 13. Nxe5 Bxe5 14. Nc4
Bc7 15. Be4 Be6 16. Bd2 Nf6 17. Bb4 Qd7 18. Bxb7 Ra7 19. Bf3 Qb5 20. Qe3 Qxb4
21. Qxa7 O-O 22. Qxc7 Rc8 23. Qa5 Qxc4 24. Bb7 Rb8 25. Bxa6 Qf4 26. Rad1 Bd7
27. Qd2 Qh4 28. Qd6 Rxb2 29. Qe7 Qa4 30. Rfe1 Qxa6 31. Qd8+ 1-0

[Event "4NCL/Div1c/GUI1 vs. CAMB1"]
[Site "Sunningdale ENG"]
[Date "2010.05.03"]
[Round "11.6"]
[White "Beckett, Chris J"]
[Black "Povah, Nigel E"]
[Result "1-0"]
[WhiteElo "2098"]
[BlackElo "2336"]
[PlyCount "73"]
[EventDate "2010.05.03"]
[SourceDate "2009.10.24"]

1. d4 Nf6 2. c4 e6 3. Nc3 c5 4. d5 exd5 5. cxd5 d6 6. e4 g6 7. f3 Bg7 8. Bg5
O-O 9. Qd2 a6 10. a4 Re8 11. Nge2 Nbd7 12. Ng3 h5 13. Be2 Qa5 14. O-O c4 15.
Be3 Ne5 16. Bd4 Nfd7 17. f4 Nd3 18. Bxg7 Qb6+ 19. Kh1 Kxg7 20. Bxd3 Qd4 21. f5
h4 22. fxg6 hxg3 23. gxf7 Rh8 24. Qg5+ Kf8 25. Qd8+ Kg7 26. Qg5+ Kf8 27. Qxg3
cxd3 28. Qxd6+ Kg7 29. Rf5 Nf6 30. f8=Q+ Rxf8 31. Qe7+ Rf7 32. Rg5+ Kh6 33.
Qxf7 Kxg5 34. Qg7+ Kh5 35. Rf1 Bg4 36. Rxf6 Qe3 37. Qh7+ 1-0

[Event "4NCL/Div1c/GUI1 vs. CAMB1"]
[Site "Sunningdale ENG"]
[Date "2010.05.03"]
[Round "11.7"]
[White "Wall, Gavin"]
[Black "Chan, Nevil"]
[Result "1/2-1/2"]
[WhiteElo "2296"]
[BlackElo "2098"]
[PlyCount "39"]
[EventDate "2010.05.03"]
[SourceDate "2009.10.24"]

1. e4 Nc6 2. Nc3 Nf6 3. d4 d5 4. e5 Nd7 5. Be3 Nb6 6. Qf3 h5 7. h3 g6 8. O-O-O
Bf5 9. Bd3 Qd7 10. Nge2 O-O-O 11. g4 Bxd3 12. cxd3 e6 13. Ng3 hxg4 14. hxg4 Bg7
15. Qe2 Rxh1 16. Rxh1 Rh8 17. Rxh8+ Bxh8 18. f4 Bg7 19. Qh2 Qd8 20. Kd2 1/2-1/2

[Event "4NCL/Div1c/WGHK2 vs. ADS"]
[Site "Sunningdale ENG"]
[Date "2010.05.03"]
[Round "11.8"]
[White "Bellin, Christopher J"]
[Black "Tjolsen, Katrine"]
[Result "0-1"]
[WhiteElo "1922"]
[BlackElo "2212"]
[PlyCount "106"]
[EventDate "2010.05.03"]
[SourceDate "2009.10.24"]

1. e4 c5 2. Nf3 Nc6 3. d4 cxd4 4. Nxd4 Nf6 5. Nc3 e5 6. Ndb5 d6 7. Bg5 a6 8.
Na3 b5 9. Nd5 Be7 10. Bxf6 Bxf6 11. c3 Bg5 12. h4 Bh6 13. g4 Bf4 14. Qf3 Be6
15. Rd1 Bxd5 16. Rxd5 Ne7 17. Rd1 Qb6 18. Be2 O-O 19. O-O Rad8 20. Nc2 d5 21.
exd5 Qh6 22. Kg2 f5 23. Qh3 fxg4 24. Bxg4 Qg6 25. d6 Nc6 26. Kh1 Qxc2 27. Bd7
Nb8 28. Be6+ Kh8 29. Qg4 Qe4+ 30. f3 Qe2 31. Qh3 Rf6 32. Bb3 Nd7 33. Rg1 e4 34.
fxe4 Qxe4+ 35. Rg2 Rxd6 36. Rxd6 Bxd6 37. Bc2 Qe1+ 38. Rg1 Qd2 39. Rd1 Qf4 40.
Rf1 Qe5 41. Rf5 Qe7 42. Qd3 Qxh4+ 43. Kg2 Nf6 44. Re5 Qh2+ 45. Kxh2 Bxe5+ 46.
Kg2 Rxd3 47. Bxd3 Nd5 48. Be4 Ne3+ 49. Kf3 Nc4 50. Bb7 a5 51. b3 Nd6 52. Bc6
Bxc3 53. Kf4 g6 0-1

[Event "4NCL/Div1d/PPA1 vs. BAR2"]
[Site "Staverton Park ENG"]
[Date "2010.03.28"]
[Round "8.6"]
[White "Sands, David A"]
[Black "Kueh Ju Lui, Andre"]
[Result "1-0"]
[WhiteElo "2252"]
[BlackElo "2146"]
[PlyCount "85"]
[EventDate "2010.03.28"]
[SourceDate "2009.10.24"]

1. d4 Nf6 2. c4 g6 3. Nc3 Bg7 4. e4 d6 5. Be2 O-O 6. Bg5 c6 7. Qd2 Qa5 8. Nf3
Bg4 9. O-O Nbd7 10. h3 Bxf3 11. Bxf3 Rfe8 12. Rfe1 Nb6 13. b3 Nfd7 14. Be3 Nf8
15. Rad1 Rad8 16. Qc2 Nc8 17. Ne2 e5 18. d5 Ne7 19. Ng3 cxd5 20. cxd5 Rc8 21.
Qb1 f5 22. exf5 gxf5 23. Nxf5 Nxf5 24. Qxf5 Qxa2 25. Bh5 Red8 26. Bf7+ Kh8 27.
Bg5 Rd7 28. Be6 Nxe6 29. dxe6 Rdc7 30. Rxd6 Rf8 31. Rd8 Rxd8 32. Bxd8 Qd2 33.
Bxc7 Qxe1+ 34. Kh2 Qb4 35. Qf7 Qf8 36. Qxf8+ Bxf8 37. Bd8 Kg8 38. e7 Bxe7 39.
Bxe7 Kf7 40. Ba3 Ke6 41. g4 Kd5 42. Kg3 Kd4 43. Bb2+ 1-0

[Event "4NCL/Div1d/PPA1 vs. BAR2"]
[Site "Staverton Park ENG"]
[Date "2010.03.28"]
[Round "8.8"]
[White "Morrison, Lynne GP"]
[Black "Turvey-Cross, Syringa L"]
[Result "1/2-1/2"]
[WhiteElo "1918"]
[BlackElo "1770"]
[PlyCount "53"]
[EventDate "2010.03.28"]
[SourceDate "2009.10.24"]

1. d4 Nf6 2. Nf3 g6 3. Bg5 Bg7 4. c3 O-O 5. Nbd2 d6 6. e4 Nbd7 7. Bc4 a6 8. O-O
b5 9. Bb3 c5 10. Re1 c4 11. Bc2 h6 12. Bh4 g5 13. Bg3 Nh5 14. Nf1 Nxg3 15. Nxg3
e6 16. h3 Nb6 17. e5 Nd5 18. Nh5 Bh8 19. Qe2 f5 20. exf6 Nxf6 21. Nxf6+ Qxf6
22. Qe4 Ra7 23. Rad1 Re7 24. Qg6+ Bg7 25. Qxf6 Rxf6 26. Be4 Bd7 27. Re2 1/2-1/2

[Event "4NCL/Div1d/SWD vs. GUI2"]
[Site "Staverton Park ENG"]
[Date "2010.03.28"]
[Round "8.4"]
[White "Taylor, Dale C"]
[Black "Morris, Charles F"]
[Result "1/2-1/2"]
[WhiteElo "2122"]
[BlackElo "2189"]
[PlyCount "55"]
[EventDate "2010.03.28"]
[SourceDate "2009.10.24"]

1. Nf3 d5 2. c4 c6 3. b3 Nf6 4. g3 Bf5 5. Bg2 e6 6. O-O h6 7. Bb2 Nbd7 8. d3
Bc5 9. Nbd2 O-O 10. Qc2 Qb6 11. e4 dxe4 12. Nxe4 Be7 13. Qe2 Rad8 14. h3 c5 15.
Rfd1 Rfe8 16. Bc3 Bf8 17. Rd2 Bh7 18. Rad1 e5 19. g4 Qe6 20. Ng3 g5 21. Re1 Bd6
22. Ne4 Nxe4 23. dxe4 Nf6 24. Nh2 Bc7 25. Red1 Rxd2 26. Rxd2 Rd8 27. Rxd8+ Bxd8
28. Nf1 1/2-1/2

[Event "4NCL/Div1d/SWD vs. GUI2"]
[Site "Staverton Park ENG"]
[Date "2010.03.28"]
[Round "8.8"]
[White "Shepherd, Katherine M"]
[Black "Wilson, Julie C"]
[Result "1/2-1/2"]
[WhiteElo "1698"]
[BlackElo "1890"]
[PlyCount "36"]
[EventDate "2010.03.28"]
[SourceDate "2009.10.24"]

1. d4 Nf6 2. Nf3 e6 3. Bf4 b6 4. e3 Bb7 5. a3 Be7 6. c4 d6 7. Nc3 Ne4 8. Nxe4
Bxe4 9. Bd3 Bxd3 10. Qxd3 Nd7 11. O-O O-O 12. Rfd1 Re8 13. b4 Bf6 14. Rac1 e5
15. dxe5 Nxe5 16. Nxe5 dxe5 17. Qb3 Qe7 18. Bg3 Red8 1/2-1/2

[Event "4NCL/Div1d/PANDG vs. OXF1"]
[Site "Staverton Park ENG"]
[Date "2010.03.28"]
[Round "8.5"]
[White "McCarthy, Kevin C"]
[Black "Smallbone, Kieran D"]
[Result "0-1"]
[WhiteElo "2106"]
[BlackElo "2218"]
[PlyCount "60"]
[EventDate "2010.03.28"]
[SourceDate "2009.10.24"]

1. d4 d5 2. e4 dxe4 3. Nc3 Nf6 4. f3 exf3 5. Nxf3 e6 6. Bg5 Be7 7. Bd3 c5 8.
Qd2 cxd4 9. Nxd4 Nc6 10. Nxc6 bxc6 11. O-O-O Qa5 12. Rhf1 Rb8 13. Qf4 Qb4 14.
Qxb4 Rxb4 15. Be3 Nd5 16. Nxd5 exd5 17. a3 Rg4 18. Bxa7 Rxg2 19. Bb8 Bh4 20.
Bd6 Be6 21. a4 Kd7 22. Be5 f6 23. Bf4 Rg4 24. Kb1 g5 25. Be3 Rxa4 26. Rxf6 Rha8
27. c3 d4 28. Bc1 Bb3 29. Bf5+ Ke7 30. Re6+ Kf7 0-1

[Event "4NCL/Div1d/PANDG vs. OXF1"]
[Site "Staverton Park ENG"]
[Date "2010.03.28"]
[Round "8.7"]
[White "Milson, Samuel A"]
[Black "Nitz, Tomos"]
[Result "1/2-1/2"]
[WhiteElo "1994"]
[BlackElo "2090"]
[PlyCount "57"]
[EventDate "2010.03.28"]
[SourceDate "2009.10.24"]

1. e4 Nf6 2. e5 Nd5 3. d4 d6 4. Nf3 dxe5 5. Nxe5 Nd7 6. Nxf7 Kxf7 7. Qh5+ Ke6
8. c4 N5f6 9. d5+ Kd6 10. Qe2 e5 11. Nc3 a6 12. Be3 Ke7 13. c5 Ke8 14. Qc4 Qe7
15. b4 e4 16. O-O-O Ne5 17. Qd4 Bf5 18. Bf4 Ng6 19. Bg3 Nh5 20. d6 Qg5+ 21. Rd2
Nxg3 22. hxg3 cxd6 23. cxd6 Rd8 24. Nxe4 Bxe4 25. Qxe4+ Qe5 26. Qxe5+ Nxe5 27.
Re2 Kd7 28. Rxe5 Bxd6 29. Rg5 1/2-1/2

[Event "4NCL/Div1d/PANDG vs. OXF1"]
[Site "Staverton Park ENG"]
[Date "2010.03.28"]
[Round "8.8"]
[White "Rawlinson, Christopher JA"]
[Black "Milson, Amy F"]
[Result "1-0"]
[WhiteElo "2048"]
[BlackElo "1602"]
[PlyCount "91"]
[EventDate "2010.03.28"]
[SourceDate "2009.10.24"]

1. e4 e5 2. Nc3 Nf6 3. Bc4 Nxe4 4. Qh5 Nd6 5. Bb3 g6 6. Qxe5+ Qe7 7. Qxe7+ Bxe7
8. d4 b6 9. Nd5 Na6 10. Bf4 Bb7 11. O-O-O Nf5 12. g4 Nd6 13. Re1 Nc8 14. Bg5
Bxd5 15. Bxd5 c6 16. Bb3 Kf8 17. Bh6+ Ke8 18. Nf3 d5 19. c4 Nb4 20. Re3 f6 21.
Bg7 Rg8 22. Bxf6 Rf8 23. Bxe7 Nxe7 24. Rhe1 Kd8 25. a3 dxc4 26. axb4 Nd5 27.
Bxc4 Nxe3 28. Rxe3 Kd7 29. Ne5+ Kc7 30. f3 Rad8 31. Re4 Rf6 32. Kc2 b5 33. Bb3
a6 34. Kd3 Kb6 35. Ke3 g5 36. h4 h6 37. hxg5 hxg5 38. Nf7 Rf8 39. Nxg5 a5 40.
bxa5+ Kxa5 41. f4 Rg6 42. Be6 b4 43. Re5+ Ka4 44. Ne4 Rh8 45. g5 Rh2 46. f5 1-0

[Event "4NCL/Div1d/BAR2 vs. SWD"]
[Site "Sunningdale ENG"]
[Date "2010.05.01"]
[Round "9.1"]
[White "Piper, Matthew S"]
[Black "Cobb, James E"]
[Result "1/2-1/2"]
[WhiteElo "2320"]
[BlackElo "2415"]
[PlyCount "29"]
[EventDate "2010.05.01"]
[SourceDate "2009.10.24"]

1. e4 g6 2. Nc3 Bg7 3. g3 Nc6 4. Bg2 d6 5. d3 e5 6. Be3 Nf6 7. Nge2 O-O 8. h3
Be6 9. Nd5 Bxd5 10. exd5 Ne7 11. c4 Qd7 12. O-O Rae8 13. Nc3 Nh5 14. Qa4 Qxa4
15. Nxa4 1/2-1/2

[Event "4NCL/Div1d/BAR2 vs. SWD"]
[Site "Sunningdale ENG"]
[Date "2010.05.01"]
[Round "9.2"]
[White "Cooper, John G"]
[Black "Morrison, Graham"]
[Result "1/2-1/2"]
[WhiteElo "2346"]
[BlackElo "2328"]
[PlyCount "78"]
[EventDate "2010.05.01"]
[SourceDate "2009.10.24"]

1. Nf3 Nf6 2. g3 b6 3. Bg2 Bb7 4. O-O e6 5. c4 c5 6. b3 d6 7. Bb2 Be7 8. Nc3 a6
9. e3 O-O 10. d4 cxd4 11. exd4 d5 12. Ne5 Ra7 13. Qe2 Nc6 14. Rfd1 Na5 15. Rac1
Ba8 16. c5 b5 17. Nb1 Nd7 18. Nd2 Nxe5 19. dxe5 Qb8 20. Nf3 Nc6 21. Bf1 b4 22.
Qc2 Rc8 23. Bd3 g6 24. Qd2 Bf8 25. Re1 Bg7 26. h4 a5 27. h5 a4 28. hxg6 fxg6
29. Qg5 axb3 30. axb3 Rf8 31. Qg4 Qe8 32. Bb5 Qf7 33. Be2 d4 34. Qf4 Qxf4 35.
gxf4 Rxf4 36. Ra1 Rxa1 37. Rxa1 Bb7 38. Ng5 Bxe5 39. Nxe6 Rf6 1/2-1/2

[Event "4NCL/Div1d/BAR2 vs. SWD"]
[Site "Sunningdale ENG"]
[Date "2010.05.01"]
[Round "9.3"]
[White "Berry, Neil"]
[Black "Zeidler, Sven P"]
[Result "1/2-1/2"]
[WhiteElo "2320"]
[BlackElo "2221"]
[PlyCount "75"]
[EventDate "2010.05.01"]
[SourceDate "2009.10.24"]

1. d4 f5 2. Nf3 Nf6 3. g3 g6 4. Bg2 Bg7 5. O-O d6 6. b3 Ne4 7. Bb2 Nc6 8. Nbd2
O-O 9. Ne1 Nxd2 10. Qxd2 Qe8 11. f4 e5 12. Bd5+ Kh8 13. dxe5 dxe5 14. Nd3 exf4
15. Bxg7+ Kxg7 16. Rxf4 Qe7 17. Re1 Qf6 18. Rf2 Rd8 19. e4 Ne7 20. e5 Qf8 21.
Bg2 c6 22. Qe3 Qf7 23. Nc5 b6 24. Ne4 Nd5 25. Qd4 Be6 26. Nd6 Qc7 27. c4 Ne7
28. Qh4 Rf8 29. g4 h6 30. gxf5 Nxf5 31. Nxf5+ Bxf5 32. e6 Rfe8 33. Qd4+ Kh7 34.
Qf6 Rf8 35. Qd4 Rfe8 36. Qf6 Rf8 37. Qd4 Rfe8 38. Qf6 1/2-1/2

[Event "4NCL/Div1d/BAR2 vs. SWD"]
[Site "Sunningdale ENG"]
[Date "2010.05.01"]
[Round "9.4"]
[White "Redmond, John P"]
[Black "Collinson, Adam R"]
[Result "1/2-1/2"]
[WhiteElo "2196"]
[BlackElo "2393"]
[PlyCount "78"]
[EventDate "2010.05.01"]
[SourceDate "2009.10.24"]

1. c4 e5 2. g3 Nf6 3. Bg2 c6 4. d4 exd4 5. Qxd4 Na6 6. Nf3 Bc5 7. Qe5+ Be7 8.
Nc3 O-O 9. O-O Re8 10. Rd1 Qb6 11. Be3 Bc5 12. Bxc5 Nxc5 13. Qd4 Qxb2 14. Qxc5
Qxc3 15. Rac1 Ne4 16. Qd4 Qxd4 17. Nxd4 g6 18. f3 Nc5 19. e4 b6 20. Nb3 Rb8 21.
Rc2 Re7 22. Kf2 Ba6 23. Bh3 Rb7 24. Nd4 Rc7 25. Nb3 Re5 26. Bg2 Nxb3 27. axb3
Ra5 28. f4 Ra3 29. Rb2 f6 30. h4 Bb7 31. h5 c5 32. h6 Kf7 33. g4 Ke7 34. Re1 d6
35. e5 Bxg2 36. exd6+ Kxd6 37. Kxg2 Rd7 38. Re8 Rc7 39. Rh8 a6 1/2-1/2

[Event "4NCL/Div1d/BAR2 vs. SWD"]
[Site "Sunningdale ENG"]
[Date "2010.05.01"]
[Round "9.5"]
[White "Devereaux, Maxim L"]
[Black "Morris, Charles F"]
[Result "1-0"]
[WhiteElo "2387"]
[BlackElo "2189"]
[PlyCount "69"]
[EventDate "2010.05.01"]
[SourceDate "2009.10.24"]

1. Nf3 d5 2. g3 c5 3. c4 Nf6 4. cxd5 Nxd5 5. Bg2 Nc6 6. Nc3 Nc7 7. O-O e5 8.
Ne1 Bd7 9. Nc2 Ne6 10. a3 a5 11. Ne3 Rb8 12. Ned5 b5 13. d3 b4 14. Ne4 Ncd4 15.
axb4 cxb4 16. e3 Nf5 17. Nd2 Rb5 18. Nc4 f6 19. f4 exf4 20. gxf4 g6 21. e4 Bc5+
22. Kh1 Nh4 23. f5 Nc7 24. fxg6 Nxd5 25. g7 Rg8 26. Qh5+ Ng6 27. exd5 Rxg7 28.
Bh6 Kf8 29. Rae1 Kg8 30. d6 Bxd6 31. Bd5+ Kh8 32. Bxg7+ Kxg7 33. Nxd6 Bc8 34.
Re8 Qxd6 35. Rg8# 1-0

[Event "4NCL/Div1d/BAR2 vs. SWD"]
[Site "Sunningdale ENG"]
[Date "2010.05.01"]
[Round "9.6"]
[White "Roberts, David L"]
[Black "Rogers, Jonathan W"]
[Result "0-1"]
[WhiteElo "2101"]
[BlackElo "2329"]
[PlyCount "74"]
[EventDate "2010.05.01"]
[SourceDate "2009.10.24"]

1. e4 d5 2. exd5 Nf6 3. Nf3 Nxd5 4. d4 g6 5. c4 Nb6 6. Nc3 Bg7 7. Be3 O-O 8.
Be2 Nc6 9. O-O Bg4 10. d5 Bxf3 11. Bxf3 Ne5 12. c5 Nbc4 13. Be2 Nxe3 14. fxe3
c6 15. Qb3 Qc7 16. Ne4 cxd5 17. Qxd5 Rad8 18. Qb3 Qc6 19. Qc2 Bh6 20. Kh1 Bxe3
21. Bf3 Bd4 22. Rac1 Nxf3 23. Rxf3 Bxb2 24. Rcf1 Qd5 25. h4 Bg7 26. Ng5 f6 27.
Ne4 Rd7 28. Rh3 f5 29. Ng5 Bf6 30. Nf3 e5 31. h5 e4 32. Nh2 Be5 33. hxg6 hxg6
34. Qf2 Bxh2 35. Rxh2 Rh7 36. Rxh7 Kxh7 37. Qh4+ Kg7 0-1

[Event "4NCL/Div1d/BAR2 vs. SWD"]
[Site "Sunningdale ENG"]
[Date "2010.05.01"]
[Round "9.7"]
[White "Chapman, Terry PD"]
[Black "James, David J"]
[Result "1-0"]
[WhiteElo "2231"]
[BlackElo "2110"]
[PlyCount "105"]
[EventDate "2010.05.01"]
[SourceDate "2009.10.24"]

1. Nf3 Nf6 2. g3 d5 3. Bg2 Bf5 4. c4 e6 5. b3 h6 6. O-O Be7 7. Bb2 O-O 8. d3 c6
9. Nbd2 Nbd7 10. Re1 Bh7 11. Qc2 a5 12. a3 Qb8 13. Rac1 Rc8 14. Qb1 Rc7 15. Qa1
Qf8 16. Ne5 Nxe5 17. Bxe5 Rcc8 18. Bb2 Nd7 19. d4 f5 20. e3 g5 21. a4 h5 22.
Nb1 Nf6 23. Ba3 Bb4 24. Bxb4 axb4 25. Qb2 h4 26. Nd2 hxg3 27. hxg3 Bg6 28. Nf3
Ne4 29. Ne5 Bh5 30. Bxe4 dxe4 31. Kg2 Rc7 32. Rh1 Rh7 33. Qd2 Rd8 34. Qc2 Qg7
35. g4 Bg6 36. Rxh7 Bxh7 37. c5 Qf6 38. Rh1 fxg4 39. Qe2 Qf3+ 40. Qxf3 gxf3+
41. Kg3 Bf5 42. Rh8+ Kxh8 43. Nf7+ Kg7 44. Nxd8 e5 45. dxe5 Bc8 46. a5 Kf8 47.
a6 bxa6 48. Nxc6 Kf7 49. Nxb4 Be6 50. Nxa6 Bxb3 51. c6 Ke7 52. Kg4 Bc4 53. Nc5
1-0

[Event "4NCL/Div1d/BAR2 vs. SWD"]
[Site "Sunningdale ENG"]
[Date "2010.05.01"]
[Round "9.8"]
[White "Wilson, Julie C"]
[Black "Regan, Natasha K"]
[Result "0-1"]
[WhiteElo "1890"]
[BlackElo "2152"]
[PlyCount "28"]
[EventDate "2010.05.01"]
[SourceDate "2009.10.24"]

1. d4 Nf6 2. c4 g6 3. Nc3 Bg7 4. e4 d6 5. Bd3 O-O 6. Nge2 Nbd7 7. f4 e5 8. d5
exf4 9. Nxf4 Nc5 10. O-O Re8 11. Re1 Ng4 12. Nfe2 Qh4 13. Bf4 Qf2+ 14. Kh1 Nxd3
0-1

[Event "4NCL/Div1d/JUTK vs. PANDG"]
[Site "Sunningdale ENG"]
[Date "2010.05.01"]
[Round "9.1"]
[White "Williams, Simon K"]
[Black "Slaby, Jerzy"]
[Result "0-1"]
[WhiteElo "2519"]
[BlackElo "2470"]
[PlyCount "80"]
[EventDate "2010.05.01"]
[SourceDate "2009.10.24"]

1. d4 Nf6 2. c4 g6 3. Nc3 Bg7 4. e4 d6 5. Be2 O-O 6. Be3 Nbd7 7. g4 c5 8. d5 b5
9. cxb5 a6 10. g5 Ne8 11. a4 Nc7 12. Nf3 axb5 13. axb5 Rxa1 14. Qxa1 e6 15.
dxe6 Nxe6 16. O-O Ne5 17. Nxe5 Bxe5 18. Qc1 Bb7 19. f4 Bxc3 20. Qxc3 Bxe4 21.
b4 Re8 22. Bg4 Nc7 23. Qd2 Nd5 24. Re1 Nxe3 25. Rxe3 cxb4 26. Qd4 d5 27. Kf2
Qb8 28. Kg3 Qxb5 29. Be2 Qb8 30. Rb3 Qc7 31. Rxb4 Qc1 32. Ra4 Rc8 33. Qf2 Qc3+
34. Kh4 h6 35. Bg4 hxg5+ 36. fxg5 Qh8+ 37. Kg3 Qe5+ 38. Kh4 Rc2 39. Ra8+ Kg7
40. Be2 Bf5 0-1

[Event "4NCL/Div1d/JUTK vs. PANDG"]
[Site "Sunningdale ENG"]
[Date "2010.05.01"]
[Round "9.2"]
[White "Slavin, Alexei"]
[Black "Cooley, Chris M"]
[Result "0-1"]
[WhiteElo "2368"]
[BlackElo "2265"]
[PlyCount "154"]
[EventDate "2010.05.01"]
[SourceDate "2009.10.24"]

1. d4 Nf6 2. Nf3 g6 3. c4 Bg7 4. Nc3 d5 5. cxd5 Nxd5 6. e4 Nxc3 7. bxc3 c5 8.
Rb1 O-O 9. Be2 cxd4 10. cxd4 b6 11. O-O Bb7 12. Qd3 Qd7 13. Bf4 Ba6 14. Qe3
Bxe2 15. Qxe2 Nc6 16. Rfd1 Rac8 17. d5 Na5 18. h3 Qa4 19. Rbc1 Qb4 20. Bc7 Qa4
21. e5 Rfe8 22. Nd4 Rxc7 23. Rxc7 Bxe5 24. Qc2 Qxc2 25. Rxc2 Rd8 26. Nb5 Rd7
27. Rc8+ Kg7 28. g3 a6 29. Nc3 b5 30. Ne4 Nc4 31. Nc5 Ra7 32. Rc6 Bd6 33. Rc1
Ne5 34. Rc8 a5 35. Ne4 Nc4 36. Rc6 Ba3 37. Rb1 Bb4 38. Rc1 Rd7 39. Rd1 Nb2 40.
Rb1 Nc4 41. Rd1 Nb2 42. Rdc1 Rxd5 43. Nc3 Rf5 44. Ne4 h5 45. Nc5 Rf3 46. Nb3
Rd3 47. Kf1 h4 48. R6c2 Nc4 49. Ke2 Rd5 50. g4 a4 51. Na1 f5 52. gxf5 gxf5 53.
Rd1 Re5+ 54. Kf1 Kf6 55. Re2 Rc5 56. Nc2 Ba5 57. Nd4 Rd5 58. Re6+ Kf7 59. Ke2
Bc3 60. Rh6 Rxd4 61. Rxd4 Bxd4 62. Rxh4 e5 63. Rh7+ Ke6 64. Rb7 Nb6 65. h4 b4
66. h5 b3 67. axb3 axb3 68. Kd3 b2 69. Kc2 Nc4 70. h6 Na3+ 71. Kd3 b1=Q+ 72.
Rxb1 Nxb1 73. h7 Kd5 74. Kc2 Na3+ 75. Kb3 e4 76. Kxa3 Kc4 77. Ka4 f4 0-1

[Event "4NCL/Div1d/JUTK vs. PANDG"]
[Site "Sunningdale ENG"]
[Date "2010.05.01"]
[Round "9.3"]
[White "Dickenson, Neil F"]
[Black "Burrows, Martin P"]
[Result "1/2-1/2"]
[WhiteElo "2319"]
[BlackElo "2186"]
[PlyCount "76"]
[EventDate "2010.05.01"]
[SourceDate "2009.10.24"]

1. d4 Nf6 2. c4 e6 3. Nf3 b6 4. Nc3 Bb4 5. Bg5 Bb7 6. e3 h6 7. Bh4 g5 8. Bg3
Ne4 9. Nd2 Nxc3 10. bxc3 Bxc3 11. Rb1 d6 12. h4 Rg8 13. Qc2 Bxd2+ 14. Kxd2 Qf6
15. hxg5 hxg5 16. c5 dxc5 17. dxc5 Nc6 18. Ke1 O-O-O 19. cxb6 axb6 20. Bb5 e5
21. Rc1 Rd6 22. Rh7 Kb8 23. Bc4 Rf8 24. Qc3 Qg6 25. Rh1 f6 26. Bb5 Rc8 27. f3
Ne7 28. Rh8 c6 29. Rxc8+ Bxc8 30. e4 g4 31. Bf2 gxf3 32. gxf3 c5 33. Rd1 Rxd1+
34. Kxd1 Qg8 35. Qd2 Kc7 36. a4 Qd8 37. Qxd8+ Kxd8 38. Bh4 f5 1/2-1/2

[Event "4NCL/Div1d/JUTK vs. PANDG"]
[Site "Sunningdale ENG"]
[Date "2010.05.01"]
[Round "9.4"]
[White "Cumbers, Paul"]
[Black "Harakis, Alexis M"]
[Result "0-1"]
[WhiteElo "2218"]
[BlackElo "2232"]
[PlyCount "86"]
[EventDate "2010.05.01"]
[SourceDate "2009.10.24"]

1. d4 d5 2. c4 e6 3. Nc3 Nf6 4. cxd5 exd5 5. Bg5 c6 6. Qc2 g6 7. e3 Bf5 8. Qd2
Nbd7 9. f3 Qb6 10. g4 Be6 11. Bf4 Be7 12. Nge2 Qd8 13. Bg3 h5 14. g5 Nh7 15. h4
Nb6 16. Nf4 Bd6 17. Bd3 Qd7 18. O-O-O O-O-O 19. Kb1 Rhe8 20. Nxh5 gxh5 21. Bxd6
Qxd6 22. Bxh7 Nc4 23. Qf2 f5 24. gxf6 Bf7 25. Rhe1 Qxf6 26. Ka1 Qh6 27. Bf5+
Kb8 28. f4 Be6 29. Bd3 Nd6 30. b4 Bf5 31. Bf1 b5 32. a4 a6 33. axb5 axb5 34.
Kb2 Qf8 35. Kb3 Kb7 36. Ra1 Ra8 37. Ra2 Rxa2 38. Nxa2 Ra8 39. Nc3 Nc4 40. e4
Ra3+ 41. Kc2 Qxb4 42. Bxc4 Qxc3+ 43. Kd1 Bg4+ 0-1

[Event "4NCL/Div1d/JUTK vs. PANDG"]
[Site "Sunningdale ENG"]
[Date "2010.05.01"]
[Round "9.5"]
[White "Mack, Andrew L"]
[Black "Muter, Donny"]
[Result "1/2-1/2"]
[WhiteElo "2213"]
[BlackElo "2221"]
[PlyCount "52"]
[EventDate "2010.05.01"]
[SourceDate "2009.10.24"]

1. e4 c5 2. Nf3 e6 3. b3 Nf6 4. e5 Nd5 5. c4 Nc7 6. Nc3 d5 7. exd6 Bxd6 8. Be2
Nc6 9. O-O O-O 10. Ne4 Be7 11. Bb2 f6 12. d4 cxd4 13. Nxd4 e5 14. Nxc6 bxc6 15.
Qxd8 Rxd8 16. Rfd1 Be6 17. Ng3 Rxd1+ 18. Rxd1 a5 19. Bc3 Ne8 20. h3 Kf7 21. Bf3
Ra6 22. Rd2 g6 23. Be2 Ra7 24. Bf3 Ra6 25. Be2 Ra7 26. Bf3 Ra6 1/2-1/2

[Event "4NCL/Div1d/JUTK vs. PANDG"]
[Site "Sunningdale ENG"]
[Date "2010.05.01"]
[Round "9.6"]
[White "McCarthy, Kevin C"]
[Black "Naylor, John"]
[Result "0-1"]
[WhiteElo "2106"]
[BlackElo "2189"]
[PlyCount "124"]
[EventDate "2010.05.01"]
[SourceDate "2009.10.24"]

1. c4 Nf6 2. g3 g6 3. Bg2 Bg7 4. Nc3 O-O 5. Nf3 d6 6. O-O e5 7. d3 Nc6 8. Rb1
a5 9. a3 Re8 10. b3 h6 11. Nd2 Be6 12. Bb2 d5 13. cxd5 Nxd5 14. Nxd5 Bxd5 15.
e4 Be6 16. Nf3 Qd7 17. Qc2 Rad8 18. Rfd1 f5 19. Nh4 Qf7 20. Bc3 f4 21. h3 Bf6
22. Nf3 g5 23. g4 h5 24. Nh2 hxg4 25. hxg4 Qd7 26. Bf3 b6 27. Bb2 Ne7 28. Bc3
Ng6 29. Qe2 Nh4 30. Bg2 c5 31. f3 Qh7 32. Kf2 Qa7 33. Kf1 Rd7 34. Be1 Nxg2 35.
Kxg2 Red8 36. Bf2 Qa6 37. b4 cxb4 38. axb4 a4 39. b5 Qa7 40. Nf1 a3 41. Ra1 a2
42. Qc2 Rd6 43. Qe2 Bg7 44. d4 exd4 45. e5 R6d7 46. Qe4 Qa8 47. Qg6 Bb3 48. Re1
Bd5 49. Nd2 Qa5 50. Red1 Qxb5 51. Qxg5 Qe2 52. e6 Qxe6 53. Re1 Qf6 54. Qh5 Bf7
55. Qh1 Qg6 56. Ne4 Bd5 57. Qf1 Re7 58. Bh4 Rxe4 59. Rxe4 Bxe4 60. Bxd8 Qxg4+
61. Kf2 Qxf3+ 62. Ke1 Qc3+ 0-1

[Event "4NCL/Div1d/JUTK vs. PANDG"]
[Site "Sunningdale ENG"]
[Date "2010.05.01"]
[Round "9.7"]
[White "Rich, Mark C"]
[Black "Walton, Alan J"]
[Result "1/2-1/2"]
[WhiteElo "2151"]
[BlackElo "2137"]
[PlyCount "45"]
[EventDate "2010.05.01"]
[SourceDate "2009.10.24"]

1. e4 e6 2. d4 d5 3. Nc3 Nf6 4. Bg5 Bb4 5. Nge2 h6 6. Bxf6 Qxf6 7. a3 Bxc3+ 8.
Nxc3 dxe4 9. Nxe4 Qe7 10. Bd3 Bd7 11. Qe2 Bc6 12. O-O Nd7 13. c4 O-O 14. Nc3
Qd6 15. Rad1 Nf6 16. Bb1 Rad8 17. Rfe1 Qf4 18. Qe5 Qg4 19. d5 exd5 20. cxd5
Rde8 21. Qxc7 Rxe1+ 22. Rxe1 Nxd5 23. Nxd5 1/2-1/2

[Event "4NCL/Div1d/JUTK vs. PANDG"]
[Site "Sunningdale ENG"]
[Date "2010.05.01"]
[Round "9.8"]
[White "Milson, Amy F"]
[Black "Wilson, Alexandra"]
[Result "0-1"]
[WhiteElo "1602"]
[BlackElo "2065"]
[PlyCount "56"]
[EventDate "2010.05.01"]
[SourceDate "2009.10.24"]

1. e4 e6 2. d4 d5 3. exd5 exd5 4. Nc3 c6 5. Bd3 Bd6 6. Nf3 Bg4 7. h3 Bh5 8. g4
Bg6 9. Qe2+ Ne7 10. Bd2 Bxd3 11. Qxd3 Nd7 12. O-O-O b5 13. Nb1 Nb6 14. Ba5 Qc8
15. b3 Qa6 16. Qc3 O-O 17. Bb4 Nbc8 18. Bxd6 Nxd6 19. a3 Ne4 20. Qe3 Rae8 21.
Kb2 f5 22. Nbd2 f4 23. Qe2 Ng6 24. Nxe4 dxe4 25. Nd2 e3 26. fxe3 fxe3 27. Nf1
Nf4 28. Qf3 Nd3+ 0-1